1320 1505 1089 1009 1285 1363 1145 1267 1373 1059 1894 1443 1438 1293 1309 1306 1387 1241 1564 1975 1166 1843 1605 1083 1830 1400 1979 1463 1335 1893 1746 1274 1010 1609 1766 1424 1921 1243 1377 1504 1469 1932 1747 1865 1150 1727 1957 1028 1516 1542 1221 1213 1233 1668 1783 1819 1075 1701 1143 1905 1322 1190 1632 1247 1857 1428 1755 1220 1096 1600 1059 1131 1167 1957 1397 1606 1492 1999 1014 1270 1034 1949 1338 1779 1056 1315 1796 1250 1278 1274 1067 1394 1676 1682 1639 1561 1650 1464 1678 BCNSPRNW ULIB Ver.6.0+V

เปลี่ยนเป็นภาษาไทย

Change to English
 แสดงรายละเอียดบรรณานุกรม
  กลับหน้าหลัก

Brief Record : Get Marc (ISO 2709) : E-mail record : QR code < ปิดหน้าต่าง
LEADER : 00000nam 2200000uu 4500
001    13399121475
003     ULIB
008    121121s2551||||th 000 0 tha d
020    ^a9789741096169
050 04 ^aTX879^bศ322ก
100 0  ^aศักรินทร์ หงส์รัตนาวรกิจ
245 10 ^aการพับผ้าบนโต๊ะอาหาร /^cศักรินทร์ หงส์รัตนาวรกิจ
250    ^aพิมพ์ครั้งที่ 1
260    ^aกรุงเทพฯ :^bวาดศิลป์,^c2551
300    ^a64 หน้า :^bภาพประกอบ ;^c26 ซม
440  0 ^aโครงการหนังสือส่งเสริมวิชาชีพธุรกิจ
650  7 ^aการพับผ้าเช็ดปาก
945    ^p160^l0^i16865
995    ^aวิภา
999 ^a ทศพร
รายการนี้ยังไม่มีแท็ก
คุณยังไม่ได้ล็อกอิน คุณสามารถมีกิจกรรมร่วมกับเว็บไซต์ได้ แต่ต้องล็อกอินก่อน ::
  ล็อกอิน

รายการสื่อสารสนเทศ

ลำดับที่ ประเภท เลขเรียก/บาร์โค้ด สถานที่ สถานะ
1. วิทยาศาสตร์การแพทย์ และสุขภาพ
วิทยาศาสตร์การแพทย์ และสุขภาพ
TX879 ศ322ก  
  Barcode: 16865
ห้องสมุดวิทยาเขตสวรรค์ประชารักษ์
►หนังสือทั่วไป
บนชั้น

รายการใกล้เคียง
    ผู้แต่ง [ศักรินทร์ หงส์รัตนาวรกิจ]

    หัวเรื่อง [การพับผ้าเช็ดปาก]

BibComment


ยังไม่เคยถูกคอมเมนท์

คอมเมนท์ทรัพยากรรายการนี้
  คอมเมนท์: การพับผ้าบนโต๊ะอ..


 Copyright 2026. Bcnsprnw @Library